00468nam a2200157Ia 450000500170000000800410001708200130005810000200007124500260009126000410011730000130015850000190017194200060019095200990019699900150029520250313151822.0240331s9999 xx 000 0 und d bGANa894 aGanesalingam, S 0aOru arasiyalin kathai aVadapalanibKumaran Publishersc1997 a190 p ., aA social Novel cL 001040708LaWERCLbWERCLcSSCd2024-03-31l0o 894.811 GANp4490r2024-03-31w2024-03-31yL c3758d3758